000 02085nam a22005177a 4500
001 000096772
003 CHAP
005 20220329143212.0
008 070126d2006 mx d r 00110 spa d
010 _a93238
011 _a94210
035 _a104795
040 _cCHAP
090 _aTesis
100 1 _aCórdova Duarte, Gabriel.
_927838
245 1 0 _aFactores cuantitativos estudiantiles que inciden en el logro del perfil de ingreso referencial y comparación de planes de estudio del Ingeniero Agrónomo de la Universidad de Guanajuato. Estudio de caso /
_c/por Gabriel Córdova Duarte.
260 _aChapingo, Méx. :
_bEl autor,
_c2006.
300 _a193 h. :
_bcuadros ; tablas.
502 _aTesis (Dr. en Ciencias en Educación Agícola Superior) -- UACH. Departamento de Sociología Rural
590 _aALEPH
_b10
_c20130110
_lUCH01
_h1516
590 _aBATCH-UPD
_b10
_c20130110
_lUCH01
_h0456
590 _aBATCH-UPD
_b10
_c20130410
_lUCH01
_h0133
590 _aBATCH-UPD
_b10
_c20130914
_lUCH01
_h0347
590 _aBATCH-UPD
_b10
_c20140324
_lUCH01
_h1501
590 _aBATCH-UPD
_b10
_c20141002
_lUCH01
_h0833
590 _aBATCH
_b00
_c20181121
_lUCH01
_h0759
590 _aCONVERSION
_b10
_c20130109
_lUCH01
_h1352
590 _aE11695DGD
_b10
_c20130528
_lUCH01
_h1401
650 1 4 _aAnálisis de varianza.
_95977
650 1 4 _aEducación agrícola
_xGuanajuato.
_935522
650 1 4 _aEducación superior
_xGuanajuato.
_935637
650 1 4 _aEducación
_xEvaluación.
_935444
650 1 4 _aEstudiantes.
_938489
650 1 4 _aIngeniería agrícola
_xPlanes de estudio.
_958204
650 1 4 _aPlanes de estudio.
_988732
650 1 4 _aPolítica educativa
_zMéxico.
_990561
650 1 4 _aUniversidad de Guanajuato
_9116432
856 _3Finding aid
_uhttp://10.13.5.2/tesis/104795.pdf
_zTeclea aquí
856 _a1
_n0001715
901 _aBK
905 _aMarco A. Mendoza T.
942 _cCD
942 _n0
949 _aTesis
_bBC
_cTES
_d33724002012553
_eTS1
_gDonaciØn
_h46361
_i104795
_sb
949 _aTesis
_bBC
_cTES
_d33724002012561
_eTS2
_fc.2
_gDonaciØn
_h46362
_i104795
_sb
999 _c93238
_d93238